| 000 | 01332nam0a22003011 4500 | ||
|---|---|---|---|
| 001 | RU\NLR\INFOCOMM_196\5000024274 | ||
| 005 | 20250613093205.0 | ||
| 035 | _a(NLR Aleph) 009193898 | ||
| 090 |
_a8647482 _c8647482 |
||
| 100 | _a20100412d1974 |||y0rusy50 ca | ||
| 101 | 0 | _aeng | |
| 102 | _aRU | ||
| 105 | _aa ||||000|y | ||
| 200 | 1 |
_aStability of tricalcium aluminate in the lime-alumina-fluorite system _eSupplementary paper _fA. K. Chatterjee, ... Ph. Dr. ... (India) _gThe VI Intern. congr. on the chemistry of cement, Moscow, Sept., 1974 |
|
| 210 |
_aМ. _d1974 |
||
| 215 |
_a12 с. _cил. _d21 см |
||
| 300 | _aНа обороте тит. л.: А. К. Чаттерджи. Стабильность трехкальциевого алюминия в системе окись кальция - окись алюминия - плавиковый шпат. Доп. докл. | ||
| 320 | _aБиблиогр.: с. 11-12 | ||
| 606 |
_aТрехкальциевый алюминат _xСтабильность _2nlr_sh1 |
||
| 686 |
_aЛ41-124 _2rubbk |
||
| 686 |
_aТх-т245.1 _2rubbk |
||
| 700 | 1 |
_aChatterjee _bA. K. _4070 |
|
| 712 | 1 | 2 |
_aInternational symposium on the chemistry of cement _d6 _eMoscow _f1974 _4570 |
| 801 | 1 |
_aRU _bNLR _c20100412 |
|
| 801 | 0 |
_aRU _bNLR _gPSBO |
|
| 852 |
_aNLR _jТ45 Д-4/170 |
||
| 942 | _cBOOK | ||
| 980 | _aNB | ||